000 00912nam a2200253 a 4500
001 BRCA_1085
005 20190320203255.0
008 881013s1985 mx-a---##b---#000-0#spa-#
020 _a9687009063
040 _aDLC
_cDLC
_dDLC
050 4 _aNK2444
_b.M84 1985
245 1 0 _aEl mueble mexicano
_bhistoria, evolución e influencias
_cCarmen Aguilera ... [et al.] ; fotografía Ludwig Iven, Michel Zabé, Manuel Zavala.
260 _aMéxico
_bFomento Cultural Banamex
_c1985
300 _a219 p.
_bil. (algunas a color)
_c33 cm.
500 _aIncluye glosario de términos
500 _a2do. ejemplar en el Área de Investigación
504 _aBibliografía : p. 216-219
650 1 4 _aMuebles
_xHistoria
_zMéxico
_93569
700 1 _aAguilera García, María del Carmen
_9516
700 1 _aIven, Ludwig
_eil.
_93570
700 1 _aZabé, Michel
_eil.
_938
700 1 _aZavala, Manuel
_eil.
_93571
942 _2lcc
_cB
999 _c964
_d964